Подробности
| 000 -МАРКЕР |
| контрольное поле |
02273nam0a2200373 4500 |
| 001 - ИДЕНТИФИКАТОР ЗАПИСИ |
| контрольное поле |
RU\NLR\BIBL_A\012644183 |
| 005 - ИДЕНТИФИКАТОР ВЕРСИИ |
| контрольное поле |
20220111164056.0 |
| 010 ## - МЕЖДУНАРОДНЫЙ СТАНДАРТНЫЙ НОМЕР КНИГИ (ISBN) |
| Номер (ISBN) |
978-5-16-016176-1 |
| Уточнения |
print |
| Тираж |
500 |
| 021 ## - НОМЕР ГОСУДАРСТВЕННОЙ РЕГИСТРАЦИИ |
| Код страны |
Российская Федерация |
| Номер |
КН-П-21-047725 |
| Номер Листа государственной регистраци |
КН-П-21-3757 |
| 035 ## - ДРУГИЕ СИСТЕМНЫЕ НОМЕРА |
| Идентификатор записи |
(NLR Aleph) 012644183 |
| 100 ## - ДАННЫЕ ОБЩЕЙ ОБРАБОТКИ |
| Данные общей обработки |
20211117d2021 u y0rusy50 ca |
| 101 0# - ЯЗЫК РЕСУРСА |
| Язык текста, звукозаписи и т.д. |
русский |
| 102 ## - СТРАНА ПУБЛИКАЦИИ ИЛИ ПРОИЗВОДСТВА |
| Страна публикации |
Российская Федерация |
| 105 ## - ПОЛЕ КОДИРОВАННЫХ ДАННЫХ: ТЕКСТОВЫЕ МАТЕРИАЛЫ, МОНОГРАФИЧЕСКИЕ |
| Кодированные данные о монографическом текстовом документе |
y|||j|||000zy |
| 181 #0 - ПОЛЕ КОДИРОВАННЫХ ДАННЫХ: ВИД СОДЕРЖАНИЯ |
| Код вида содержания (ISBD) |
i |
| Код характеристики содержания (ISBD) |
axxe |
| 182 #0 - ПОЛЕ КОДИРОВАННЫХ ДАННЫХ: ТИП СРЕДСТВА |
| Код типа средства (ISBD) |
n - непосредственное |
| 200 1# - ЗАГЛАВИЕ И СВЕДЕНИЯ ОБ ОТВЕТСТВЕННОСТИ |
| Основное заглавие |
Основы психологической коррекции детей и подростков |
| Сведения, относящиеся к заглавию |
учебное пособие |
| -- |
для студентов высших учебных заведений, обучающихся по направлению подготовки 44.03.02 "Психолого-педагогическое образование" (квалификация (степень) "бакалавр") |
| Первые сведения об ответственности |
С.Н. Савинков, Е.О. Барышева, В.А. Золотова [и др.] |
| Последующие сведения об ответственности |
под общей редакцией С.Н. Савинкова |
| 203 ## - ВИД СОДЕРЖАНИЯ И ТИП СРЕДСТВА |
| Вид содержания |
Текст |
| Дополнительные сведения об издании |
визуальный |
| Тип средства |
непосредственный |
| 210 ## - ПУБЛИКАЦИЯ, РАСПРОСТРАНЕНИЕ И ДР. |
| Место издания, распространения и т.д. |
Москва |
| Имя издателя, распространителя и т. д. |
ИНФРА-М |
| Дата издания, распространения и т.д. |
2021 |
| 215 ## - ФИЗИЧЕСКАЯ ХАРАКТЕРИСТИКА |
| Специфическое обозначение материала и объем |
215, [2] с. |
| Размеры |
22 |
| 225 1# - СЕРИЯ |
| Основное заглавие серии |
Высшее образование - Бакалавриат |
| 225 1# - СЕРИЯ |
| Основное заглавие серии |
Бакалавриат |
| 300 ## - ОБЩИЕ ПРИМЕЧАНИЯ |
| Текст примечания |
На с. 3 авт.: С.Н. Савинков, магистр психологии, преп., Е.О. Барышева, магистр психологии, психолог, В.А. Золотова, гештальт-терапевт, психолог [и др.] |
| 320 ## - ПРИМЕЧАНИЯ О НАЛИЧИИ В ДОКУМЕНТЕ БИБЛИОГРАФИИ / УКАЗАТЕЛЯ |
| Текст примечания |
Библиогр.: с. 157-162 (107 назв.) |
| 606 1# - НАИМЕНОВАНИЕ ТЕМЫ КАК ПРЕДМЕТ |
| Наименование темы |
Дети |
| Формальный подзаголовок |
Учебные издания для высших учебных заведений |
| Тематический подзаголовок |
Психическое развитие |
| -- |
Коррекция |
| Системный номер авторитетной/нормативной записи |
2083951 |
| Идентификатор авторитетной/нормативной записи |
RU\NLR\AUTH\661260025 |
| 686 1# - ИНДЕКСЫ ДРУГИХ КЛАССИФИКАЦИЙ |
| Индекс |
Ю983.5я73 |
| 701 #1 - ИМЯ ЛИЦА - АЛЬТЕРНАТИВНАЯ ОТВЕТСТВЕННОСТЬ |
| Начальный элемент ввода |
Савинков |
| Часть имени, кроме начального элемента ввода |
С. Н. |
| Расширение инициалов личного имени |
Станислав Николаевич |
| 701 #1 - ИМЯ ЛИЦА - АЛЬТЕРНАТИВНАЯ ОТВЕТСТВЕННОСТЬ |
| Начальный элемент ввода |
Барышева |
| Часть имени, кроме начального элемента ввода |
Е. О. |
| Расширение инициалов личного имени |
Екатерина Олеговна |
| 701 #1 - ИМЯ ЛИЦА - АЛЬТЕРНАТИВНАЯ ОТВЕТСТВЕННОСТЬ |
| Начальный элемент ввода |
Золотова |
| Часть имени, кроме начального элемента ввода |
В. А. |
| Расширение инициалов личного имени |
Вероника Александровна |
| 942 ## - ДОПОЛНИТЕЛЬНЫЕ ЭЛЕМЕНТЫ ЗАПИСИ (АБИС) |
| Тип экземпляра АБИС |
Книга |
| 980 ## - КОЛЛЕКЦИЯ |
| Название коллекции |
Национальная библиография |